Drapeaux de pays avec le bleu retiré - Statistiques

Statistiques générales
  • Ce quiz a été pris 26 299 fois
  • Le résultat moyen est 12 sur 16
Statistiques - réponses
Par images Réponse % Correct
Suède
97%
États-Unis
94%
Corée du Sud
93%
Ukraine
91%
Corée du Nord
85%
Roumanie/Tchad
82%
Malaisie
80%
Uruguay
80%
Australie
78%
République Démocratique du Congo
74%
Panama
72%
Islande
70%
Philippines
68%
Botswana
50%
Bosnie-Herzégovine
43%
Gambie
15%
Aucun quiz correspondant
Distribution des résultats
% des personnes avec chaque résultat
Percentile par nombre de réponses
Votre historique - résultats
Vous n’avez pas pris ce quiz